Your first finches

Bibliographic Details
Main Author: Haynes, Stuart
Format: Book
Published: England : Kingdom Books , 1996
Subjects:

MARC

LEADER 00000cam a2200000 7i4500
001 0000046292
005 20010711.0
020 |a 1852790490 
090 0 0 |a 636.6862   |b HAY 
100 1 |a Haynes, Stuart 
245 1 0 |a Your first finches   |c Stuart Hayne 
260 |a England :   |b Kingdom Books ,   |c 1996 
300 |a 33p. :   |b ill. ;   |c 20cm. 
650 0 0 |a Finches 
650 0 0 |a Softbills 
999 |a 00101180   |b BUKU   |c PINJAMAN   |e PERPUSTAKAAN KOMUNITI PETALING JAYA